[Event "WYCC 2018 G14"]
[Site "Halkidiki"]
[Date "2018.10.30"]
[Round "11"]
[White "Galvan Cipriani, Viviana"]
[Black "Somton, Anita"]
[Result "1-0"]
[WhiteElo "2109"]
[BlackElo "1787"]
[Annotator "NA"]
[PlyCount "57"]
[EventDate "2018.10.20"]
[EventType "swiss"]
[EventCountry "GRE"]
[SourceTitle "playchess.com"]
[Source "ChessBase"]
[SourceQuality "1"]
[TimeControl "40/5400+30:1800+30"]

1. c4 {[%emt 0:00:00]} e6 {[%emt 0:00:00]} 2. Nf3 {[%emt 0:00:29]} d5 {[%emt 0:00:20]} 3. b3 {[%emt 0:00:39]} Nf6 {[%emt 0:00:45]} 4. g3 {[%emt 0:01:18]} Be7 {[%emt 0:00:31]} 5. Bg2 {[%emt 0:00:21]} O-O {[%emt 0:01:22] LiveBook: 1017 Games} 6. O-O {[%emt 0:01:59]} c6 {[%emt 0:00:58]} 7. Bb2 {[%emt 0:00:38]} Nbd7 {[%emt 0:00:42]} 8. d3 {[%emt 0:00:39]} b6 {[%emt 0:00:56]} 9. Nbd2 {[%emt 0:01:57]} Bb7 {[%emt 0:00:53]} 10. Qc2 {[%emt 0:02:08]} c5 {[%emt 0:06:05] A14: English Opening: 1...e6 with b3 by White} (10... a5 11. a3 Rc8 12. Rac1 c5 13. e3 Qc7 14. Qb1 Qb8 15. cxd5 Bxd5 16. e4 Bc6 17. Nc4 Rfd8 18. Rfe1 {½-½ (66) Leon Hoyos,M (2603)-Yang,D (2485) Saint Louis 2012}) 11. e3 {[%emt 0:02:49]} a5 $146 {[%emt 0:02:57]} ({Predecessor:} 11... Qc7 12. Rac1 Rac8 13. Rfe1 Rfd8 14. cxd5 Nxd5 15. a3 Bf6 16. e4 Bxb2 17. Qxb2 Ne7 18. d4 {1-0 (38) Norberg,E (2289)-Karlsson,T (2293) Sweden 2009}) 12. a3 {[%emt 0:07:09]} Bc6 {[%emt 0:06:04]} 13. Bc3 {[%emt 0:01:19]} b5 {[%emt 0:02:07]} 14. cxb5 {[%emt 0:06:51]} Bxb5 {[%emt 0:00:25]} 15. Rab1 {[%emt 0:03:14]} (15. Rfb1 $11) 15... Qc8 {[%emt 0:06:56]} 16. a4 {[%emt 0:06:41]} Bc6 {[%emt 0:03:07]} 17. d4 {[%emt 0:02:05]} Bb7 {[%emt 0:03:29]} 18. Rfc1 {[%emt 0:04:32]} cxd4 {[%emt 0:04:32]} 19. Nxd4 $11 {[%emt 0:00:32]} Ba3 {[%emt 0:01:51]} 20. Rd1 {[%emt 0:01:21]} Be7 {[%emt 0:06:00]} 21. Qb2 {[%emt 0:08:35]} Nc5 {[%emt 0:03:59]} 22. Nb5 {[%emt 0:06:33]} Nd3 {[%emt 0:09:01]} 23. Qa1 {[%emt 0:02:47]} Rd8 {[%emt 0:09:33]} 24. Nf3 {[%emt 0:06:43]} Nc5 {[%emt 0:05:16]} 25. Qb2 {[%emt 0:01:26]} Ne8 {[%emt 0:03:16]} 26. Rbc1 {[%emt 0:02:57]} Bf6 {[%emt 0:01:12]} 27. Bd4 {[%emt 0:05:53]} Nd6 {[%emt 0:07:28]} 28. Nxd6 {[%emt 0:04:20]} Rxd6 {[%emt 0:00:27]} 29. Qa3 {[%emt 0:01:47]} 1-0

[Event "WYCC 2018 G14"]
[Site "Halkidiki"]
[Date "2018.10.30"]
[Round "11"]
[White "Krasteva, Beloslava"]
[Black "Song, Yuxin"]
[Result "1/2-1/2"]
[WhiteElo "2089"]
[BlackElo "2178"]
[Annotator "NA"]
[PlyCount "91"]
[EventDate "2018.10.20"]
[EventType "swiss"]
[EventCountry "GRE"]
[SourceTitle "playchess.com"]
[Source "ChessBase"]
[SourceQuality "1"]
[TimeControl "40/5400+30:1800+30"]

1. d4 Nf6 2. c4 e6 3. Nc3 Bb4 4. e3 O-O 5. Bd3 d5 6. cxd5 exd5 7. Nge2 Re8 8. Bd2 {E48: Nimzo-Indian: Rubinstein: 5 Bd3 d5 including 6 Ne2, but excluding 6 a3} Nbd7 9. Rc1 a6 10. O-O Bd6 11. Nf4 c6 12. Qc2 $146 ({Predecessor:} 12. f3 Nf8 13. Kh1 Ng6 14. Nce2 Qb6 15. b3 Bd7 {½-½ (62) Fressinet,L (2645)-Gharamian,T (2614) Nimes 2018}) 12... Nf8 13. f3 Bxf4 14. exf4 Qb6 15. Ne2 Bf5 16. Bxf5 Rxe2 17. Qd3 Rae8 18. b3 N6d7 19. Rfe1 Rxe1+ 20. Rxe1 Rxe1+ 21. Bxe1 g6 22. Bxd7 Nxd7 23. f5 Qd8 24. fxg6 hxg6 25. Qe3 Qf6 26. g4 Qe6 27. Bf2 b6 28. Qd3 a5 29. Kg2 Kg7 30. a4 Qe7 31. Qe3 Qxe3 32. Bxe3 b5 33. Bd2 bxa4 34. bxa4 Nb6 35. Bxa5 Nxa4 36. Kf2 c5 37. dxc5 Nxc5 38. Bc3+ Kh6 39. Bd2+ Kg7 40. Ke3 Ne6 41. Bc3+ Kh6 42. Be5 g5 43. Bg3 Kg6 $11 44. h4 gxh4 45. Bxh4 f5 46. Be7 1/2-1/2

[Event "WYCC 2018 G14"]
[Site "Halkidiki"]
[Date "2018.10.30"]
[Round "11"]
[White "Dylag, Emilia"]
[Black "Behzad Nazif, Parva"]
[Result "1/2-1/2"]
[WhiteElo "2059"]
[BlackElo "1859"]
[Annotator "NA"]
[PlyCount "95"]
[EventDate "2018.10.20"]
[EventType "swiss"]
[EventCountry "GRE"]
[SourceTitle "playchess.com"]
[Source "ChessBase"]
[SourceQuality "1"]
[TimeControl "40/5400+30:1800+30"]

1. d4 Nf6 2. Nc3 d5 3. Bf4 g6 {D00: 1 d4 d5: Unusual lines} 4. e3 Bg7 5. h4 h5 6. Nf3 Bg4 (6... c6 7. Ne5 Nbd7 8. Be2 Ne4 9. Nxe4 dxe4 10. Nxd7 Bxd7 11. Qd2 {1-0 (45) Matlakov,M (2683)-Rakhmanov,A (2634) Sochi 2018}) 7. Be2 Bxf3 8. Bxf3 c6 9. O-O Nbd7 10. Re1 $146 ({Predecessor:} 10. e4 dxe4 11. Nxe4 Nxe4 12. Bxe4 {0-1 (41) Malakhovets,S (1923)-Itkin,D (2239) Quebec 2018}) 10... O-O 11. Rb1 Nh7 12. e4 dxe4 13. Nxe4 e5 14. dxe5 Qxh4 15. Bg3 Qd8 16. Nd6 h4 17. Bh2 Qg5 18. Nxf7 Rxf7 19. e6 Rxf3 20. Qxf3 Ndf6 21. Rbd1 Re8 22. Qb3 b6 23. e7+ Nd5 24. Qc4 Rxe7 25. Rxe7 Qxe7 26. Qxc6 Nhf6 27. c4 Qe2 28. Rf1 Nb4 29. Qc8+ Kh7 30. Qh3 Qxc4 31. g3 Nxa2 32. Qxh4+ Qxh4 33. gxh4 Nd5 34. Rd1 Nab4 35. b3 Bf6 36. Bd6 Nc3 37. Re1 Nc6 38. Kg2 Nd4 39. Ra1 a5 40. b4 Nf5 41. bxa5 Nb5 42. axb6 $11 Nfxd6 43. Ra7+ Kh6 44. b7 Nxb7 45. Rxb7 Nd4 46. Kh3 Nf5 47. Kg4 Bxh4 48. Rb5 1/2-1/2

[Event "WYCC 2018 G14"]
[Site "Halkidiki"]
[Date "2018.10.30"]
[Round "11"]
[White "Mironenko, Galina"]
[Black "Jaufarally, Nadia"]
[Result "1-0"]
[WhiteElo "2053"]
[BlackElo "1810"]
[Annotator "NA"]
[PlyCount "77"]
[EventDate "2018.10.20"]
[EventType "swiss"]
[EventCountry "GRE"]
[SourceTitle "playchess.com"]
[Source "ChessBase"]
[SourceQuality "1"]
[TimeControl "40/5400+30:1800+30"]

1. Nf3 {[%emt 0:00:00]} Nf6 {[%emt 0:00:00]} 2. g3 {[%emt 0:00:00]} g6 {[%emt 0:00:00]} 3. Bg2 {[%emt 0:00:00]} Bg7 {[%emt 0:00:00]} 4. O-O {[%emt 0:00:00]} O-O {[%emt 0:00:26]} 5. d4 {[%emt 0:00:00]} d6 {[%emt 0:00:08]} 6. c4 {[%emt 0:00:00]} Nc6 {[%emt 0:00:10]} 7. Nc3 {[%emt 0:00:02]} a6 {[%emt 0:00:11]} 8. e3 {[%emt 0:00:05]} Rb8 {[%emt 0:01:13]} 9. Qe2 {[%emt 0:00:06] E63: King's Indian: Fianchetto: Panno Variation with 7...a6} Bd7 {[%emt 0:09:38]} (9... b5 10. Rd1 e6 11. b3 bxc4 12. Qxc4 Nb4 13. a3 Nbd5 14. Ne2 Bd7 15. Qc2 Bb5 16. Re1 c5 {½-½ (48) Tomashevsky,E (2702)-Nakamura,H (2780) Palma de Mallorca 2017}) 10. Rd1 {[%emt 0:04:59]} Na7 {[%emt 0:03:21]} 11. e4 {[%emt 0:05:51]} b5 $146 {[%emt 0:02:30]} ({Predecessor:} 11... Qc8 12. e5 Nh5 13. Be3 Nc6 14. exd6 exd6 15. Qd2 Bg4 16. Re1 Nf6 {1-0 (39) Sturua,Z (2594)-Stauch,E (2257) Bern 2000}) 12. e5 {[%emt 0:05:07]} Ne8 {[%emt 0:05:29]} 13. Bg5 {[%emt 0:04:18]} f6 {[%emt 0:02:38]} 14. Be3 {[%emt 0:09:31]} fxe5 {[%emt 0:08:06]} 15. dxe5 {[%emt 0:02:00]} Nc6 {[%emt 0:04:59]} 16. Bf4 {[%emt 0:14:33]} Bg4 {[%emt 0:04:16]} 17. exd6 {[%emt 0:09:43]} cxd6 {[%emt 0:05:33]} 18. Qe4 {[%emt 0:05:07]} Bxf3 {[%emt 0:04:44]} 19. Qxf3 {[%emt 0:02:57]} Ne5 {[%emt 0:08:05]} 20. Qd5+ {[%emt 0:02:19]} Kh8 {[%emt 0:00:14]} 21. c5 {[%emt 0:06:15]} Nc7 {[%emt 0:14:38]} 22. Qe4 {[%emt 0:03:01]} Ne6 {[%emt 0:03:18]} 23. Be3 {[%emt 0:01:53]} b4 {[%emt 0:09:00]} 24. Ne2 {[%emt 0:03:06]} Qc7 {[%emt 0:00:55]} 25. cxd6 {[%emt 0:01:58]} exd6 {[%emt 0:00:09]} 26. Rac1 {[%emt 0:02:23]} Nc5 {[%emt 0:00:52]} 27. Qd5 {[%emt 0:00:50]} Rbd8 {[%emt 0:02:34]} 28. Nf4 {[%emt 0:02:40]} Qf7 {[%emt 0:03:41]} 29. Bxc5 $18 {[%emt 0:04:10]} dxc5 {[%emt 0:00:32]} 30. Qxd8 {[%emt 0:01:59]} Rxd8 {[%emt 0:00:21]} 31. Rxd8+ {[%emt 0:00:05]} Bf8 {[%emt 0:00:10]} 32. Rxc5 {[%emt 0:01:02]} g5 {[%emt 0:02:48]} 33. Rxe5 {[%emt 0:02:46]} gxf4 {[%emt 0:00:43]} 34. Ree8 {[%emt 0:01:25]} Qxa2 {[%emt 0:00:34]} 35. Rxf8+ {[%emt 0:01:46]} Kg7 {[%emt 0:00:05]} 36. Rxf4 {[%emt 0:02:10]} Qb1+ {[%emt 0:02:53]} 37. Bf1 {[%emt 0:00:08]} a5 {[%emt 0:01:30]} 38. Rd7+ {[%emt 0:00:22]} Kg6 {[%emt 0:01:51]} 39. Kg2 {[%emt 0:00:42] Kf6} 1-0

[Event "WYCC 2018 G14"]
[Site "Halkidiki"]
[Date "2018.10.30"]
[Round "11"]
[White "Wikar, Martyna"]
[Black "Mehmed, Elif"]
[Result "1-0"]
[WhiteElo "2024"]
[BlackElo "2049"]
[Annotator "NA"]
[PlyCount "69"]
[EventDate "2018.10.20"]
[EventType "swiss"]
[EventCountry "GRE"]
[SourceTitle "playchess.com"]
[Source "ChessBase"]
[SourceQuality "1"]
[TimeControl "40/5400+30:1800+30"]

1. e4 {[%emt 0:00:00]} e5 {[%emt 0:00:00]} 2. Nf3 {[%emt 0:00:00]} Nc6 {[%emt 0:00:00]} 3. Bc4 {[%emt 0:00:00]} Bc5 {[%emt 0:00:00]} 4. d3 {[%emt 0:01:11]} Nf6 {[%emt 0:00:00]} 5. O-O {[%emt 0:00:45]} h6 {[%emt 0:00:31]} 6. c3 {[%emt 0:00:33]} d6 {[%emt 0:03:52]} 7. Bb3 {[%emt 0:01:52] C54: Giuoco Piano: 4 c3 Nf6, main lines with 5 d4 and 5 d3} (7. Re1 O-O 8. Nbd2 a6 9. a4 Ba7 10. Nf1 Be6 11. Bxe6 fxe6 12. Be3 Bxe3 13. Rxe3 a5 14. Ng3 Qe8 15. Qb3 {½-½ (30) Vocaturo,D (2615)-Mamedyarov,S (2820) Batumi 2018}) 7... a6 {[%emt 0:01:44]} 8. h3 {[%emt 0:01:40]} Ba7 {[%emt 0:01:04]} 9. Re1 {[%emt 0:01:37]} g5 {[%emt 0:03:56]} 10. Nh2 {[%emt 0:02:25]} Rg8 {[%emt 0:07:31]} 11. Be3 {[%emt 0:05:52]} g4 {[%emt 0:05:27]} 12. Bxa7 {[%emt 0:06:23]} Rxa7 $146 {[%emt 0:15:13]} ({Predecessor:} 12... gxh3 13. g3 Nxa7 14. Nd2 h5 {0-1 (50) Hou,Y (2584)-Nielsen,P (2680) Amsterdam 2009}) 13. g3 {[%emt 0:01:30]} gxh3 {[%emt 0:00:16]} 14. Nd2 {[%emt 0:03:49]} Ne7 {[%emt 0:07:54]} 15. Qf3 {[%emt 0:02:58]} Ng6 {[%emt 0:01:08]} 16. Kh1 {[%emt 0:01:12]} h5 {[%emt 0:05:36]} 17. d4 {[%emt 0:01:51]} Qe7 {[%emt 0:03:36]} 18. Ndf1 {[%emt 0:03:14]} h4 {[%emt 0:02:17]} 19. Ne3 {[%emt 0:04:03]} hxg3 {[%emt 0:07:03]} 20. fxg3 {[%emt 0:00:26]} Nf8 {[%emt 0:00:43]} 21. Rf1 {[%emt 0:10:10]} Rg6 {[%emt 0:00:50]} 22. Rae1 {[%emt 0:01:48]} Ra8 {[%emt 0:05:15]} 23. Nf5 {[%emt 0:02:31]} Bxf5 {[%emt 0:00:12]} 24. exf5 {[%emt 0:00:57]} e4 {[%emt 0:00:11]} 25. fxg6 $18 {[%emt 0:03:05]} exf3 {[%emt 0:00:04]} 26. gxf7+ {[%emt 0:03:36]} Kd7 {[%emt 0:00:08]} 27. Rxe7+ {[%emt 0:00:12]} Kxe7 {[%emt 0:00:05]} 28. Nxf3 {[%emt 0:02:32]} d5 {[%emt 0:00:53]} 29. Ne5 {[%emt 0:02:39]} c6 {[%emt 0:02:03]} 30. Bc2 {[%emt 0:03:01]} Rc8 {[%emt 0:03:49]} 31. g4 {[%emt 0:06:39]} Ne6 {[%emt 0:00:04]} 32. Bf5 {[%emt 0:03:30]} Rd8 {[%emt 0:02:50]} 33. Bxe6 {[%emt 0:01:34]} Kxe6 {[%emt 0:00:03]} 34. g5 {[%emt 0:00:52]} Nd7 {[%emt 0:00:45]} 35. Nxd7 {[%emt 0:00:18]} 1-0

[Event "WYCC 2018 G14"]
[Site "Halkidiki"]
[Date "2018.10.30"]
[Round "11"]
[White "Toncheva, Nadya"]
[Black "Murzina, Agata"]
[Result "1-0"]
[WhiteElo "2002"]
[BlackElo "1768"]
[Annotator "NA"]
[PlyCount "67"]
[EventDate "2018.10.20"]
[EventType "swiss"]
[EventCountry "GRE"]
[SourceTitle "playchess.com"]
[Source "ChessBase"]
[SourceQuality "1"]
[TimeControl "40/5400+30:1800+30"]

1. d4 {[%emt 0:02:48]} Nf6 {[%emt 0:00:00]} 2. c4 {[%emt 0:00:04]} e6 {[%emt 0:00:00]} 3. Nc3 {[%emt 0:00:04]} Bb4 {[%emt 0:00:23]} 4. e3 {[%emt 0:00:05]} c5 {[%emt 0:00:04]} 5. Nge2 {[%emt 0:00:09]} O-O {[%emt 0:02:12]} 6. a3 {[%emt 0:01:27]} Bxc3+ {[%emt 0:00:53]} 7. Nxc3 {[%emt 0:00:06]} cxd4 {[%emt 0:00:12]} 8. exd4 {[%emt 0:00:12]} d5 {[%emt 0:00:06]} 9. Be3 {[%emt 0:01:53]} b6 {[%emt 0:02:32]} 10. cxd5 {[%emt 0:00:16]} Nxd5 {[%emt 0:00:28]} 11. Bd3 {[%emt 0:00:17]} Bb7 {[%emt 0:04:18]} 12. O-O {[%emt 0:01:43]} f5 {[%emt 0:04:46]} 13. Re1 {[%emt 0:02:04]} Nc6 {[%emt 0:05:51]} 14. Bc2 {[%emt 0:03:02]} f4 {[%emt 0:26:51]} 15. Bc1 {[%emt 0:00:39]} Qh4 {[%emt 0:01:06]} 16. Rxe6 {[%emt 0:07:45]} f3 {[%emt 0:30:53]} 17. Re4 {[%emt 0:05:31]} Nxc3 {[%emt 0:00:24]} 18. bxc3 $16 {[%emt 0:05:50]} Qh5 {[%emt 0:02:01]} 19. g3 {[%emt 0:07:23]} g5 {[%emt 0:06:42]} 20. h4 {[%emt 0:03:15]} h6 {[%emt 0:02:00]} 21. Bb3+ {[%emt 0:00:59]} Kg7 {[%emt 0:02:29]} 22. d5 {[%emt 0:00:20]} Rad8 {[%emt 0:00:04]} 23. Be3 {[%emt 0:00:19]} Qg6 {[%emt 0:00:56]} 24. Bd4+ {[%emt 0:03:57]} Nxd4 {[%emt 0:00:13]} 25. Qxd4+ {[%emt 0:00:04]} Qf6 {[%emt 0:01:35]} 26. Re7+ {[%emt 0:01:19]} Rf7 {[%emt 0:00:05]} 27. Qxf6+ {[%emt 0:00:10]} Kxf6 {[%emt 0:00:06]} 28. Re6+ {[%emt 0:00:02]} Kf5 {[%emt 0:01:43]} 29. Rae1 {[%emt 0:01:46]} gxh4 {[%emt 0:00:13]} 30. R1e5+ {[%emt 0:01:05]} Kg4 {[%emt 0:00:27]} 31. Rg6+ {[%emt 0:00:45]} Kh3 {[%emt 0:00:02]} 32. Re4 {[%emt 0:00:24]} Rf4 {[%emt 0:00:37]} 33. Rxf4 {[%emt 0:00:06]} hxg3 {[%emt 0:00:05]} 34. Rxg3# 1-0

[Event "WYCC 2018 G14"]
[Site "Halkidiki"]
[Date "2018.10.30"]
[Round "11"]
[White "Kamalidenova, Meruert"]
[Black "Hrebenshchykova, Yelyzaveta"]
[Result "0-1"]
[WhiteElo "1999"]
[BlackElo "1968"]
[Annotator "NA"]
[PlyCount "118"]
[EventDate "2018.10.20"]
[EventType "swiss"]
[EventCountry "GRE"]
[SourceTitle "playchess.com"]
[Source "ChessBase"]
[SourceQuality "1"]
[TimeControl "40/5400+30:1800+30"]

1. d4 {[%emt 0:00:00]} Nf6 {[%emt 0:00:00]} 2. c4 {[%emt 0:00:00]} g6 {[%emt 0:00:00]} 3. Nf3 {[%emt 0:00:00]} Bg7 {[%emt 0:00:00]} 4. Nc3 {[%emt 0:00:00]} d6 {[%emt 0:00:00]} 5. Bg5 {[%emt 0:00:03]} h6 {[%emt 0:00:16]} 6. Bh4 {[%emt 0:00:20]} g5 {[%emt 0:00:15]} 7. Bg3 {[%emt 0:00:25]} Nh5 {[%emt 0:00:06]} 8. e3 {[%emt 0:01:09]} Nxg3 {[%emt 0:00:12]} 9. hxg3 {[%emt 0:00:11]} e6 {[%emt 0:00:27] E61: Königsindisch (Abweichungen der Hauptvariante)} (9... c5 10. d5 Qa5 11. Qc2 Nd7 12. Be2 Nf6 13. Nd2 a6 14. a4 Bd7 15. Ra3 O-O-O 16. f3 h5 17. Kf2 {½-½ (71) Jones,G (2629)-Costachi,M (2409) Bunratty 2016}) 10. Bd3 {[%emt 0:01:27]} b6 $146 {[%emt 0:27:27]} ({Vorgänger:} 10... Nd7 11. Qc2 Qe7 12. O-O-O Nf6 13. d5 c5 14. Nd2 a6 15. Nde4 Nxe4 16. Bxe4 O-O 17. dxe6 Bxe6 {1-0 (47) Krejci,J (2504)-Miesbauer,J (2321) Ceske Budejovice 2016}) 11. Qc2 {[%emt 0:03:54]} Bb7 {[%emt 0:00:25]} 12. O-O-O {[%emt 0:02:43]} Nd7 {[%emt 0:00:48]} 13. Ne1 {[%emt 0:02:26]} Qe7 {[%emt 0:02:44]} 14. Qa4 {[%emt 0:04:02]} c6 {[%emt 0:11:21]} 15. Nc2 {[%emt 0:03:44]} a6 {[%emt 0:02:50]} 16. Be4 {[%emt 0:02:35]} d5 {[%emt 0:07:42]} 17. cxd5 {[%emt 0:03:33]} cxd5 {[%emt 0:00:08]} 18. Bd3 {[%emt 0:02:08]} b5 {[%emt 0:02:11]} 19. Qa5 {[%emt 0:02:12]} O-O {[%emt 0:04:23]} 20. f4 {[%emt 0:04:31]} Nf6 {[%emt 0:05:03]} 21. fxg5 {[%emt 0:01:43]} hxg5 {[%emt 0:00:07]} 22. Ne2 {[%emt 0:01:01]} Ne4 {[%emt 0:01:27]} 23. Bxe4 {[%emt 0:05:29]} dxe4 {[%emt 0:00:06]} 24. g4 {[%emt 0:00:37]} Rfc8 {[%emt 0:06:07]} 25. Kb1 {[%emt 0:01:34]} Qd6 {[%emt 0:08:11]} 26. Qe1 {[%emt 0:03:09]} Bd5 {[%emt 0:00:45]} 27. Rd2 {[%emt 0:01:45]} Bc4 {[%emt 0:03:59]} 28. Nc1 {[%emt 0:03:59]} b4 {[%emt 0:00:37]} 29. Qg1 {[%emt 0:03:09]} Qg3 {[%emt 0:03:40]} (29... Rc7 $17 30. Qh2 Qxh2 31. Rxh2 a5) 30. Qh2 {[%emt 0:02:04]} Qxg4 {[%emt 0:03:43]} 31. Rf2 {[%emt 0:01:58]} Ra7 {[%emt 0:05:58]} 32. b3 {[%emt 0:04:36]} Bb5 {[%emt 0:02:21]} 33. Nxb4 {[%emt 0:01:17]} a5 {[%emt 0:01:40]} 34. Rc2 {[%emt 0:01:36]} Raa8 {[%emt 0:00:47]} 35. Rxc8+ {[%emt 0:04:19]} Rxc8 {[%emt 0:00:04]} 36. Nc2 {[%emt 0:00:19]} Qf5 {[%emt 0:00:14]} 37. g4 {[%emt 0:02:29]} Qxg4 {[%emt 0:01:19]} 38. a4 {[%emt 0:01:30]} Ba6 {[%emt 0:00:35]} 39. Qd2 {[%emt 0:01:48]} Qf5 {[%emt 0:00:35]} 40. Kb2 {[%emt 0:00:00]} Qd5 {[%emt 0:00:00]} 41. Rg1 {[%emt 0:02:35]} f6 {[%emt 0:08:09]} 42. Rh1 {[%emt 0:03:25]} Bd3 {[%emt 0:01:53]} 43. Ne1 {[%emt 0:03:32]} e5 {[%emt 0:03:56]} 44. Ncxd3 {[%emt 0:04:08]} exd3 {[%emt 0:00:06]} 45. Rf1 {[%emt 0:00:57]} e4 {[%emt 0:04:16]} 46. Rg1 {[%emt 0:01:09]} Bf8 {[%emt 0:02:49]} 47. Nxd3 {[%emt 0:00:22]} exd3 {[%emt 0:00:11]} 48. Qxd3 {[%emt 0:00:09]} Bg7 {[%emt 0:06:31]} 49. Ka2 {[%emt 0:01:01]} Qf3 {[%emt 0:00:30]} 50. Qd2 {[%emt 0:00:59]} Qe4 {[%emt 0:00:21]} 51. Kb2 {[%emt 0:00:07]} Bf8 {[%emt 0:00:51]} 52. Rc1 {[%emt 0:00:20]} Rxc1 {[%emt 0:00:26]} 53. Qxc1 {[%emt 0:00:08]} Qg2+ {[%emt 0:01:03]} 54. Kb1 {[%emt 0:00:16]} Qd5 {[%emt 0:00:06]} 55. Qc2 {[%emt 0:00:16]} f5 {[%emt 0:00:25]} 56. Kb2 {[%emt 0:00:22]} g4 $19 {[%emt 0:00:24]} 57. Ka2 {[%emt 0:00:09]} g3 {[%emt 0:01:24]} 58. Kb2 {[%emt 0:00:05]} g2 {[%emt 0:00:23]} 59. Qf2 {[%emt 0:00:04]} Qe4 {[%emt 0:00:36]} 0-1

[Event "WYCC 2018 G14"]
[Site "Halkidiki"]
[Date "2018.10.30"]
[Round "11"]
[White "Guillo Longares, Cecilia"]
[Black "Kurmangaliyeva, Liya"]
[Result "1-0"]
[WhiteElo "1998"]
[BlackElo "1733"]
[Annotator "NA"]
[PlyCount "87"]
[EventDate "2018.10.20"]
[EventType "swiss"]
[EventCountry "GRE"]
[SourceTitle "playchess.com"]
[Source "ChessBase"]
[SourceQuality "1"]
[TimeControl "40/5400+30:1800+30"]

1. d4 {[%emt 0:00:00]} d5 {[%emt 0:00:00]} 2. c4 {[%emt 0:00:00]} c6 {[%emt 0:00:00]} 3. Nc3 {[%emt 0:00:00]} Nf6 {[%emt 0:00:00]} 4. Nf3 {[%emt 0:00:00]} a6 {[%emt 0:00:03]} 5. Qb3 {[%emt 0:03:41]} dxc4 {[%emt 0:00:08]} 6. Qxc4 {[%emt 0:00:06]} b5 {[%emt 0:00:04]} 7. Qd3 {[%emt 0:00:09]} e6 {[%emt 0:00:06]} 8. e4 {[%emt 0:01:25]} c5 {[%emt 0:00:16]} 9. e5 {[%emt 0:03:56]} c4 {[%emt 0:09:14]} 10. Qd1 {[%emt 0:02:59]} Nd5 {[%emt 0:00:30]} 11. a4 {[%emt 0:01:41]} Bb7 {[%emt 0:18:39]} 12. axb5 {[%emt 0:09:26]} axb5 {[%emt 0:00:49]} 13. Rxa8 {[%emt 0:01:56]} Bxa8 {[%emt 0:00:13]} 14. Bd2 {[%emt 0:09:16]} Qb6 {[%emt 0:11:20]} 15. Be2 {[%emt 0:04:32]} Be7 {[%emt 0:11:35]} 16. O-O {[%emt 0:00:22]} Nd7 {[%emt 0:06:03]} 17. Qe1 {[%emt 0:06:46]} Nxc3 {[%emt 0:04:23]} 18. bxc3 {[%emt 0:00:16]} Qc6 {[%emt 0:01:44]} 19. Bd1 {[%emt 0:01:50]} g5 {[%emt 0:08:41]} 20. Qe2 {[%emt 0:03:38]} h5 {[%emt 0:03:41]} 21. Ne1 {[%emt 0:00:17]} Nf8 {[%emt 0:04:17]} 22. Bc2 {[%emt 0:08:46]} g4 {[%emt 0:01:56]} 23. f3 {[%emt 0:00:54]} g3 {[%emt 0:06:47]} 24. hxg3 {[%emt 0:03:26]} h4 {[%emt 0:00:54]} 25. Be4 {[%emt 0:00:58]} Qc8 {[%emt 0:00:05]} 26. Bxa8 {[%emt 0:00:33]} Qxa8 {[%emt 0:00:03]} 27. gxh4 {[%emt 0:02:46]} Rxh4 {[%emt 0:02:47]} 28. Nc2 {[%emt 0:04:11]} Ng6 {[%emt 0:01:29]} 29. g3 {[%emt 0:00:29]} Rh7 {[%emt 0:01:49]} 30. Ra1 {[%emt 0:03:45]} Qd5 {[%emt 0:03:22]} 31. Qe4 {[%emt 0:05:00]} Qxe4 {[%emt 0:00:22]} 32. fxe4 {[%emt 0:00:04]} Kd7 {[%emt 0:00:11]} 33. Bc1 {[%emt 0:02:56]} Rh8 {[%emt 0:01:47]} 34. Rb1 {[%emt 0:02:03]} Kc6 {[%emt 0:01:05]} 35. Ra1 {[%emt 0:00:49]} Kb7 {[%emt 0:00:49]} 36. Kg2 {[%emt 0:02:40]} Rg8 {[%emt 0:01:15]} 37. Ba3 {[%emt 0:04:41]} Bg5 {[%emt 0:00:49]} 38. Bc5 {[%emt 0:01:03]} Bd2 {[%emt 0:00:39]} 39. Ra7+ {[%emt 0:00:48]} Kb8 {[%emt 0:00:06]} 40. Nb4 {[%emt 0:00:00]} Nf4+ {[%emt 0:00:00]} 41. Kf3 {[%emt 0:01:39]} Nd3 {[%emt 0:03:08]} 42. Nc6+ {[%emt 0:00:09]} Kc8 {[%emt 0:00:09]} 43. Bd6 {[%emt 0:01:49]} Ne1+ {[%emt 0:03:54]} 44. Ke2 {[%emt 0:00:53]} 1-0